| 000 | 00417nam a2200157Ia 4500 | ||
|---|---|---|---|
| 008 | 230917s9999||||xx |||||||||||||| ||und|| | ||
| 020 | _cRS250 | ||
| 040 |
_e25293 _aMAIN |
||
| 041 | _aEnglish | ||
| 082 | _a658.3 M422H | ||
| 100 | _aMathur, B L, ed. | ||
| 245 | 0 | _aHuman resource development: Strategic approaches and experiences | |
| 260 |
_aJaipur _bArihant Publications _c1989 |
||
| 300 | _a298 p. | ||
| 942 | _cBK | ||
| 999 |
_c62787 _d62787 |
||